Chansons de Pidi - Statistiques

Statistiques générales
  • Ce quiz a été pris 15 fois
  • Le résultat moyen est 3 sur 6
Statistiques - réponses
Réponse % Correct
Ça Va Aller
100%
Dans ma Folie
64%
Disquette
55%
Maman
45%
C'est Toi
36%
Les Boss
36%
Aucun quiz correspondant
Distribution des résultats
% des personnes avec chaque résultat
Percentile par nombre de réponses
Votre historique - résultats
Vous n’avez pas pris ce quiz